000 00955nam a22003017a 4500
003 CHAP
005 20220329140810.0
008 971013s1967 r 00010 d
010 _a57800
011 _a58772
035 _a62928
040 _cCHAP
090 _aFolleto 11533
100 0 0 _aSpeight, Frank Y.
_eed.
_9109182
245 _aGuide for source indexing and Abstracting of the engineering literature
260 _aNew York :
_bEngineers Joint Council,
_c1967
300 _a21 h.
590 _aBATCH-UPD
_b10
_c20130110
_lUCH01
_h0507
590 _aBATCH-UPD
_b10
_c20130410
_lUCH01
_h0144
590 _aBATCH-UPD
_b10
_c20130914
_lUCH01
_h1632
590 _aCONVERSION
_b10
_c20130109
_lUCH01
_h1331
650 1 4 _aIndización.
_957676
650 1 4 _aIngeniería
_xTesauros.
_958195
901 _aBK
942 _cFOLL
949 _aFolleto 11533
_bBC
_cFOLL
_d-134948
_eTS1
_i62928
_si
949 _aFolleto 11533
_bBC
_cFOLL
_d-134949
_eTS2
_fc.2
_i62928
_si
999 _c57800
_d57800